01129nam a2200265Ia 4500001000600000003000900006008004100015040001300056040001300069041001300082100001100095100002900106245004200135245004200177250001100219260001100230260000800241260004900249300005600298500039600354650003200750650003100782700002200813700002800835A0690IT-RoPAU130308s9999 xx 000 0 und d aIT-RoPAU cIT-RoPAU aITALIANO aAA.VV. gCodice Aut. SPICS: 12000 aNeorealismo-Cinema italiano 1945-1949 bNeorealismo-Cinema Italiano 1945-1949 a1a ed. aTORINO bEDT c1989 [1° Ed.:1989 - Ed.Ling.Originale:1989] a"216 p. (prefazione: 10; testo: 206 [pagine: 0-0])" aPremessa di Gianni Rondolino. memorie e Testimonianze di Autori Vari. Storia e Geografia del Neorealismo. Industria, Tecnica, Commercio, Professioni,Poteri e Saperi. neorealismo e Vita Quotidiana. Visioni, Microstorie, Racconti dei Nonni. Bibliografia Sul Cinema Neorealista. Schede di registi Attori produttori e Sceneggiatori. Cronologia Neorealista. 193 fotografie in tavole fuori testo . aSTORIA NAZIONALE DEL CINEMA eCodice materia Spics: 6809 aFarassino Alberto gCodice Aut. SPICS: 6811